Principles of Management (Record no. 5299)

MARC details
000 -LEADER
fixed length control field 00483cam a2200193ua 4500
001 - CONTROL NUMBER
control field 6152
005 - DATE AND TIME OF LATEST TRANSACTION
control field 20260515114009.0
008 - FIXED-LENGTH DATA ELEMENTS--GENERAL INFORMATION
fixed length control field 131119n ii |||gr||||Z||||||eng
020 ## - INTERNATIONAL STANDARD BOOK NUMBER
International Standard Book Number 81-272-0928-7
040 ## - CATALOGING SOURCE
Transcribing agency MAIN
082 ## - DEWEY DECIMAL CLASSIFICATION NUMBER
Classification number 658
245 11 - TITLE STATEMENT
Title Principles of Management
Statement of responsibility, etc. By C.N. Sontakki
260 ## - PUBLICATION, DISTRIBUTION, ETC.
Place of publication, distribution, etc. Ludhiana:
Name of publisher, distributor, etc. Kalyani Publishers,
Date of publication, distribution, etc. 2003.
300 ## - PHYSICAL DESCRIPTION
Extent x,179p.
653 ## - INDEX TERM--UNCONTROLLED
Uncontrolled term Commerce
653 ## - INDEX TERM--UNCONTROLLED
Uncontrolled term Principles of Management
700 1# - ADDED ENTRY--PERSONAL NAME
Personal name Sontakki,C.N.,
Relator term Author.
942 ## - ADDED ENTRY ELEMENTS (KOHA)
Koha item type Books
Holdings
Withdrawn status Lost status Damaged status Not for loan Home library Current library Shelving location Date acquired Total checkouts Full call number Barcode Date last seen Date last checked out Copy number Price effective from Koha item type
        Naharkatiya College Library Naharkatiya College Library General stacks 09/19/2020 4 658 | SON 18253 09/29/2022 09/21/2022 1 09/19/2020 Books